Filosofia do Direito (Registo nº 200795)
[ vista simples ]
| 000 -Etiqueta do registo | |
|---|---|
| Valores | 00892nam 22002413 4500 |
| 100 ## - Dados gerais de processamento | |
| Dados gerais | 20260226d u||y0pory50 ba |
| 101 ## - Língua de publicação | |
| Língua | Português |
| 200 ## - Titulo e menção de responsabilidade | |
| Título próprio | Filosofia do Direito |
| Primeira menção de responsabilidade | Gustav Radbruch |
| Outras menções de responsabilidade | Prefácios e Tradução de Prof. L. Cabral de Moncada |
| 205 ## - Menção da edição | |
| Edição | 6ª Revista e acrescida dos últimos pensamentos do autor |
| 210 ## - Publicação | |
| Local de publicação | Coimbra |
| Nome do editor | Arménio Amado - Editor, Sucessor |
| Data de publicação | 1979 |
| 215 ## - Descrição física | |
| Paginação / Volumes | 430, [2] p. |
| Outras indicações físicas | Brochado |
| Dimensões | 24 cm |
| 225 ## - Colecção | |
| Título próprio da colecção | Stvdivm |
| Informação de outro título | Temas Filosóficos, Jurídicos e Sociais |
| Indicação de volume | 47 ; 48 |
| 304 ## - Nota relativa ao título | |
| Texto de nota | Tít. orig. Rechtsphilosophie<br/> |
| 606 ## - Nome comum usado como assunto | |
| ID Autoridade | 12232 |
| Palavra de ordem | Ciências Sociais |
| Subdivisão assunto | Direito Público |
| 610 ## - Termos não controlados | |
| Palavra de ordem | Teoria Geral do Direito |
| 675 ## - CDU | |
| Notação | 340/RAD/FIL |
| Edição | PT |
| Língua | por |
| 700 ## - Autor principal (pessoa individual) | |
| ID Autoridade | 16530 |
| Apelido | Radbruch |
| Nome | Gustav |
| 702 ## - Autor secundário (pessoa individual) | |
| ID Autoridade | 16531 |
| Apelido | Moncada |
| Nome | Prof. L. Cabral de |
| 801 ## - Fonte de origem | |
| País | PT |
| Agência | BMMN |
| Regras de catalogação | RPC |
| 830 ## - Notas gerais do catalogador | |
| Criado por | Carlos Pinto |
| Data de criação | 26-02-2026 |
| Indexado por | Carlos Pinto |
| 990 ## - Elementos KOHA | |
| Tipo de documento | Livro |
| Situação do levantamento | Biblioteca de origem | Código de barras | Cota | Permissão de empréstimo | Tipo de documento | Forma de aquisição |
|---|---|---|---|---|---|---|
| Escola Secundária de Montemor-o-Novo | 30043 | 340/RAD/FIL | Livro | Compra |